MARC

LEADER 00000nam0a2200000 4500
001 266434
005 20231101234011.0
035 |a (RuTPU)RU\TPU\book\289454 
090 |a 266434 
100 |a 20140709d1986 m y0rusy50 ca 
101 0 |a rus 
102 |a RU 
105 |a a j 001zy 
200 1 |a Строительно-монтажные работы  |e учебное пособие для среднего профессионально-технического образования  |f В. А. Неелов 
205 |a 3-е изд., перераб. и доп. 
210 |a Москва  |c Стройиздат  |d 1986 
215 |a 229 с.  |c ил. 
320 |a Библиогр.: с. 222. 
320 |a Предметный указатель: с. 223-228. 
606 1 |a Строительно-монтажные работы  |2 stltpush  |3 (RuTPU)RU\TPU\subj\57298  |9 75160 
610 1 |a здания 
610 1 |a конструктивные элементы 
610 1 |a строительные материалы 
610 1 |a складирование 
610 1 |a перевозка 
610 1 |a каменные работы 
610 1 |a монтажные работы 
610 1 |a механизация 
610 1 |a грузоподъемное оборудование 
610 1 |a монтажные краны 
610 1 |a каменная кладка 
610 1 |a геодезия 
610 1 |a сборные элементы 
610 1 |a стыки 
610 1 |a заделка 
610 1 |a сварочные работы 
610 1 |a безопасность 
610 1 |a учебные пособия 
675 |a 69.057(075.32)  |v 3 
700 1 |a Неелов  |b В. А.  |g Вадим Александрович 
801 1 |a RU  |b 63413507  |c 20140709 
801 2 |a RU  |b 63413507  |c 20151019  |g RCR 
942 |c BK